| 000 | 00621nam a2200169 i 4500 | ||
|---|---|---|---|
| 001 | 36889 | ||
| 003 | ES-MaACL | ||
| 005 | 20230906155448.0 | ||
| 007 | t| | ||
| 008 | 030219s1968 sp ||||1| spa d | ||
| 100 | 1 |
_aBullón Ramírez, Antonio. _932521 |
|
| 245 | 1 | 0 |
_aHistoria del secretariado de Aministración Local / _cpor Antonio Bullón Ramírez ; prólogo Juan José Fernández Villa y Dorbe. |
| 260 |
_aMadrid : _bEl Consultor de los Ayuntamientos y de los Juzgados, _c1968. |
||
| 300 |
_aXXIII, 292 p. ; _c21 cm. |
||
| 700 | 1 |
_aFernández Villa y Dorbe, Juan José. _950157 |
|
| 852 |
_aES-MaACL _jC-35235 _bR.68023 |
||
| 999 |
_c36889 _d36889 |
||